FORENSIC MEDICINE & TOXICOLOGY FOR MEDICAL STUDANTS (Record no. 30659)
[ view plain ]
| 000 -LEADER | |
|---|---|
| fixed length control field | 00419nam a22001577a 4500 |
| 003 - CONTROL NUMBER IDENTIFIER | |
| control field | SGT |
| 020 ## - INTERNATIONAL STANDARD BOOK NUMBER | |
| International Standard Book Number | 9789356969629 |
| 082 ## - DEWEY DECIMAL CLASSIFICATION NUMBER | |
| Classification number | 614.1 |
| Item number | F25B |
| 100 ## - MAIN ENTRY--PERSONAL NAME | |
| Personal name | BISWAS, GAUTAM |
| 245 ## - TITLE STATEMENT | |
| Title | FORENSIC MEDICINE & TOXICOLOGY FOR MEDICAL STUDANTS |
| 250 ## - EDITION STATEMENT | |
| Edition statement | 6TH |
| 260 ## - PUBLICATION, DISTRIBUTION, ETC. (IMPRINT) | |
| Place of publication, distribution, etc | INDIA |
| Name of publisher, distributor, etc | JAYPEE PUB |
| Year of Publication | 2025 |
| 650 ## - SUBJECT ADDED ENTRY--TOPICAL TERM | |
| Topical term or geographic name as entry element | FORENSIC MEDICINE |
| 653 ## - KEYWORDS--INDEX TERM | |
| Keyword term | FORENSIC MEDICINE & TOXICOLOGY FOR MEDICAL STUDANTS |
| 942 ## - ADDED ENTRY ELEMENTS (KOHA) | |
| Source of classification or shelving scheme | Dewey Decimal Classification |
| Koha item type | Books |
| Withdrawn status | Lost status | Source of classification or shelving scheme | Damaged status | Not for loan | Collection code | Home library | Current library | Shelving location | Date acquired | Vendor Name | Cost, normal purchase price | SGTU | Bill Number | Full call number | Accession No. (Barcode) | Date last seen | Bill Date | Koha item type | Total Checkouts | Checked out | Date last borrowed | Total Renewals |
|---|---|---|---|---|---|---|---|---|---|---|---|---|---|---|---|---|---|---|---|---|---|---|
| Dewey Decimal Classification | Not For Loan | MEDICAL | SGT Medical Library | SGT Medical Library | Reference Book | 11/02/2025 | ABC DELHI | 1395.00 | SGTU | 20461 | 614.1 F25B | FM14836 | 04/04/2025 | 11/02/2025 | Books | |||||||
| Dewey Decimal Classification | MEDICAL | SGT Medical Library | SGT Medical Library | Text Book | 11/02/2025 | ABC DELHI | 1395.00 | SGTU | 20461 | 614.1 F25B | FM14837 | 19/11/2025 | 11/02/2025 | Books | 19 | 03/12/2025 | 19/11/2025 | |||||
| Dewey Decimal Classification | MEDICAL | SGT Medical Library | SGT Medical Library | Text Book | 11/02/2025 | ABC DELHI | 1395.00 | SGTU | 20461 | 614.1 F25B | FM14838 | 27/05/2026 | 11/02/2025 | Books | 19 | 10/06/2026 | 27/05/2026 | |||||
| Dewey Decimal Classification | MEDICAL | SGT Medical Library | SGT Medical Library | Text Book | 11/02/2025 | ABC DELHI | 1395.00 | SGTU | 20461 | 614.1 F25B | FM14839 | 20/05/2026 | 11/02/2025 | Books | 12 | 03/06/2026 | 20/05/2026 | |||||
| Dewey Decimal Classification | MEDICAL | SGT Medical Library | SGT Medical Library | Text Book | 11/02/2025 | ABC DELHI | 1395.00 | SGTU | 20461 | 614.1 F25B | FM14840 | 02/04/2026 | 11/02/2025 | Books | 11 | 16/04/2026 | 02/04/2026 | 1 |